BUSINESS ETHICS AND THE NATURAL ENVIRONMENT (Record no. 137110)

MARC details
000 -LEADER
fixed length control field 00339pam a2200133 a 4500
020 ## - INTERNATIONAL STANDARD BOOK NUMBER
International Standard Book Number 1-4051-1663-3
Terms of availability
041 ## - LANGUAGE CODE
Language code of original
082 ## - DEWEY DECIMAL CLASSIFICATION NUMBER
Classification number 174.4
Item number NEW
100 ## - MAIN ENTRY--PERSONAL NAME
Personal name NEWTON, LISA H
245 ## - TITLE STATEMENT
Title BUSINESS ETHICS AND THE NATURAL ENVIRONMENT
Medium Textual Documents
260 ## - PUBLICATION, DISTRIBUTION, ETC.
Place of publication, distribution, etc. AUSTRALIA
Name of publisher, distributor, etc. BLACKWELL PUBLISHERS
Date of publication, distribution, etc. 2005
300 ## - PHYSICAL DESCRIPTION
Extent 259
930 ## - EQUIVALENCE OR CROSS-REFERENCE-UNIFORM TITLE HEADING [LOCAL, CANADA]
Uniform title 17938
Holdings
Withdrawn status Lost status Damaged status Not for loan Collection Home library Current library Date acquired Cost, normal purchase price Total Checkouts Full call number Barcode Date last seen Copy number Price effective from Koha item type
          Institute of Management & Entrepreneurship Development, Pune Institute of Management & Entrepreneurship Development, Pune 19/04/2011 1647.00   174.4 NEW IMP-IM-16525 01/03/2023 1 01/03/2023 Book